<?xml version="1.0" encoding="UTF-8"?><?xml-stylesheet type="text/xsl" href="static/style.xsl"?><OAI-PMH xmlns="http://www.openarchives.org/OAI/2.0/" xmlns:xsi="http://www.w3.org/2001/XMLSchema-instance" xsi:schemaLocation="http://www.openarchives.org/OAI/2.0/ http://www.openarchives.org/OAI/2.0/OAI-PMH.xsd"><responseDate>2026-04-13T07:31:27Z</responseDate><request verb="GetRecord" identifier="oai:www.recercat.cat:20.500.14342/4895" metadataPrefix="marc">https://recercat.cat/oai/request</request><GetRecord><record><header><identifier>oai:recercat.cat:20.500.14342/4895</identifier><datestamp>2025-03-11T12:47:01Z</datestamp><setSpec>com_2072_482405</setSpec><setSpec>com_2072_183628</setSpec><setSpec>col_2072_482410</setSpec></header><metadata><record xmlns="http://www.loc.gov/MARC21/slim" xmlns:dcterms="http://purl.org/dc/terms/" xmlns:xsi="http://www.w3.org/2001/XMLSchema-instance" xmlns:doc="http://www.lyncode.com/xoai" xsi:schemaLocation="http://www.loc.gov/MARC21/slim http://www.loc.gov/standards/marcxml/schema/MARC21slim.xsd">
   <leader>00925njm 22002777a 4500</leader>
   <datafield ind2=" " ind1=" " tag="042">
      <subfield code="a">dc</subfield>
   </datafield>
   <datafield ind2=" " ind1=" " tag="720">
      <subfield code="a">Suau Martínez, Jaume</subfield>
      <subfield code="e">author</subfield>
   </datafield>
   <datafield ind2=" " ind1=" " tag="720">
      <subfield code="a">Masip, Pere</subfield>
      <subfield code="e">author</subfield>
   </datafield>
   <datafield ind2=" " ind1=" " tag="260">
      <subfield code="c">2011</subfield>
   </datafield>
   <datafield ind2=" " ind1=" " tag="520">
      <subfield code="a">El present article té com a finalitat presentar diferents models d’adopció de la participació dels lectors en webs informatius. Presentem els casos de La Vanguardia, El Periódico, Vilaweb i el 3cat24, tots ells mitjans de referència en l’àmbit català. S’ha realitzat un estudi de les opcions de participació que presenten cada un dels mitjans objecte d’anàlisi, partint d’una fitxa d’estudi que permet realitzar comparacions i comprovar quins mecanismes de participació adopta cada un dels webs estudiats. En una segona fase, s’han entrevistat els responsables dels webs o de la corresponent secció de participació, amb l’objectiu de comparar les dades obtingudes en l’aplicació de la fitxa d’estudi amb les opinions de les persones entrevistades i identificar els motius per obrir els seus mitjans a la participació de l’audiència.</subfield>
   </datafield>
   <datafield ind2=" " ind1=" " tag="520">
      <subfield code="a">This article aims to present different models of audience participation in informative (journalistic) websites. We report on the cases of La Vanguardia, El Periódico, Vilaweb and 3cat24, all within the Catalan media field. Firstly, we analysed the participation mechanism used by each of the news sites. Subsequently, we interviewed the online editors or the community managers in order to complete the data obtained from interviewee opinions and to assess the motivation behind opening their websites to audience participation and their observations regarding the benefits of participation.</subfield>
   </datafield>
   <datafield ind1="8" ind2=" " tag="024">
      <subfield code="a">http://hdl.handle.net/20.500.14342/4895</subfield>
   </datafield>
   <datafield tag="653" ind2=" " ind1=" ">
      <subfield code="a">Periodisme digital</subfield>
   </datafield>
   <datafield tag="653" ind2=" " ind1=" ">
      <subfield code="a">Periodisme participatiu</subfield>
   </datafield>
   <datafield tag="653" ind2=" " ind1=" ">
      <subfield code="a">Audiència</subfield>
   </datafield>
   <datafield tag="653" ind2=" " ind1=" ">
      <subfield code="a">Mitjans de comunicació digital</subfield>
   </datafield>
   <datafield tag="653" ind2=" " ind1=" ">
      <subfield code="a">Catalunya</subfield>
   </datafield>
   <datafield ind2="0" ind1="0" tag="245">
      <subfield code="a">Models de participació de les audiències en mitjans digitals catalans: anàlisi de La Vanguardia, El Periódico, Vilaweb i 3cat24</subfield>
   </datafield>
</record></metadata></record></GetRecord></OAI-PMH>